| 000 | 00637nam a2200241 4500 | ||
|---|---|---|---|
| 003 | LK-CoMWRAF | ||
| 005 | 20231028183934.0 | ||
| 008 | 231028b |||||||| |||| 00| 0 eng d | ||
| 020 | _a9788190617963 | ||
| 040 |
_aLK-CoMWRAF _dLK-CoMWRAF _eLK-CoMWRAF |
||
| 041 | _aeng | ||
| 082 | _bPAR | ||
| 100 | _aParthasarathy, A. | ||
| 245 | _aGoverning business and relationships | ||
| 260 |
_aMumbai: _bAuthor, _c2010 |
||
| 300 |
_a203 p. 23cm _bIndex included |
||
| 650 | _aValue Systems | ||
| 650 | _aWork Ethics | ||
| 650 | _aStress Management | ||
| 650 | _aProductivity | ||
| 650 | _aLeadership and Time Management | ||
| 942 | _cBK | ||
| 999 |
_c4035 _d4035 |
||